images (140×140)   Dow University of Health Sciences Library Catalogue

Welcome to Dow University of Health Sciences Library Online Public Access Catalog

Women in Nursing in Islamic Socites (Record no. 18689)

MARC details
000 -LEADER
fixed length control field 00317nam a2200121Ia 4500
008 - FIXED-LENGTH DATA ELEMENTS--GENERAL INFORMATION
fixed length control field 241014s9999||||xx |||||||||||||| ||und||
020 ## - INTERNATIONAL STANDARD BOOK NUMBER
International Standard Book Number 978-0-19-579888-3
100 ## - MAIN ENTRY--PERSONAL NAME
Personal name Braynet, Nancy H
245 #0 - TITLE STATEMENT
Title Women in Nursing in Islamic Socites
260 ## - PUBLICATION, DISTRIBUTION, ETC.
Name of publisher, distributor, etc. Oxford University Press
Date of publication, distribution, etc. 2003
300 ## - PHYSICAL DESCRIPTION
Extent 358
942 ## - ADDED ENTRY ELEMENTS (KOHA)
-- ION
Koha item type Books

No items available.




©2026, All rights reserved. Dow University of Health Sciences, Karachi, Pakistan.